LDR 00731naa#a2200169#i#450# 001 RU\\bibl\118206 005 20260429202148.3 011 ## _a1729-9187 100 ## _a20260330b2026####ek#y0rusy0150####ca 102 ## _aRU 200 1# _aТаксономия права как категория современной юридической науки _eЖурнальная статья 210 1# _aУфа _cУфимский юридический институт МВД России _d2026 215 ## _a9 с. 608 ## _aЖурнальная статья _2local 675 ## _aДействие и применение правовой нормы. 340.132 _z 700 #1 _aИгнатова _gТатьяна Юрьевна 856 4# _avestnik-uyi.editorum.ru _u